00494nam a2200157Ia 450000500170000000800410001708200130005810000190007124500470009026000310013730000120016850000360018094200060021695200990022299900150032120250317150559.0240331s9999 xx 000 0 und d bJOTa894 aJothirani, K.A 0aThamil ilakkiyankal samuthaya adaiyalankal aChennaibKavya Booksc2004 a54 p ., asanga ilakkiyam varaka pakuppum cL 001040708LaWERCLbWERCLcSSCd2024-03-31l0o 894.811 JOTp1981r2024-03-31w2024-03-31yL c4017d4017